• 首页
  • 本馆介绍
  • 公告通知
  • 最新文献
  • 馆藏检索
  • 电子资源
  • 读者导购
  • 参考咨询
  • 我的图书馆
  • 登录
  • 详细信息显示
  • 放入我的书架
  • 预约/预借图书
  • 作者相关作品
  • 分类相关作品
  • 丛书相关作品
  • 出版社相关作品

书目信息

  • 表格格式
  • 工作单格式
  • 卡片格式
题名:
手足素描与人体解剖
    
 
作者: 席瓦尔第 著 ;周敏 译
分册:  
出版信息: 上海   上海书画出版社  2020.5
页数: 143页
开本: 28cm
丛书名: 西方绘画技法经典教程
单 册:
中图分类: J214 , J064
科图分类:
主题词: 手--素描技法--教材 , 足--素描技法--教材 , 艺用人体解剖学--教材
电子资源:
ISBN: 978-7-5479-2326-9
000 01425nam 2200349 45
001 012001001547
005 20130912155052.0
010    @a978-7-5479-2326-9@dCNY58.00
099    @aCAL 012020131442
100    @a20200629d2020 em y0chiy0110 ea
101 1  @achi@cita
102    @aCN@b310000
105    @aa z 000yy
106    @ar
200 1  @a手足素描与人体解剖@Ashou zu su miao yu ren ti jie pou@f(意) 乔瓦尼·席瓦尔第著@g周敏译
210    @a上海@c上海书画出版社@d2020.5
215    @a143页@c图@d28cm
225 2  @a西方绘画技法经典教程@Axi fang hui hua ji fa jing dian jiao cheng
225 2  @a席瓦尔第意大利素描经典教程@Axi wa er di yi da li su miao jing dian jiao cheng
314    @a乔瓦尼·席瓦尔第, 插画家、雕塑家。
330    @a本书主要内容是教授人体结构解剖以及手足素描技法的学习与操作, 作者详细展示了人体骨骼、肌肉的组织的结构解剖, 特别是手足的骨骼肌肉素描, 作者从非常专业的角度一一作了分解展示。作为艺用解剖, 作者主要强调其结构性的展示, 并作素描表现的步骤分解, 表现要点等的总结。
461  0 @12001 @a西方绘画技法经典教程
461  0 @12001 @a席瓦尔第意大利素描经典教程
606 0  @a手@x素描技法@j教材
606 0  @a足@x素描技法@j教材
606 0  @a艺用人体解剖学@j教材
690    @aJ214@v5
690    @aJ064@v5
701  1 @a席瓦尔第@Axi wa er di@g(Guglielmo, Giovanni),@f1947-@4著
702  0 @a周敏@Azhou min@4译
801    @aCN@b江苏凤凰@c20211018
905    @b1343929-32@dJ214@e1408@f4
    
    手足素描与人体解剖/(意) 乔瓦尼·席瓦尔第著/周敏译.-上海:上海书画出版社,2020.5
    143页:图;28cm.-(西方绘画技法经典教程).-(席瓦尔第意大利素描经典教程)
    
    
    ISBN 978-7-5479-2326-9:CNY58.00
    本书主要内容是教授人体结构解剖以及手足素描技法的学习与操作, 作者详细展示了人体骨骼、肌肉的组织的结构解剖, 特别是手足的骨骼肌肉素描, 作者从非常专业的角度一一作了分解展示。作为艺用解剖, 作者主要强调其结构性的展示, 并作素描表现的步骤分解, 表现要点等的总结。
●
相关链接 在E读中查询图书 在五车中查询图书 在当当中查询图书 在豆瓣中查询图书


正题名:手足素描与人体解剖     索取号:J214/1408         预约/预借

序号 登录号 条形码 馆藏地/架位号 状态 备注
1 1343929   213439297   第一样本阅览室/ [索取号:J214/1408] 在馆    
2 1343930   213439304   第一借阅区/ [索取号:J214/1408] 在馆    
3 1343931   213439313   第一借阅区/ [索取号:J214/1408] 在馆    
4 1343932   213439322   第一借阅区/ [索取号:J214/1408] 在馆    
唐山师范学院图书馆 欢迎您!
大连网信软件有限公司© 版权所有